000 00479nam a2200181Ia 4500
005 20250317130255.0
008 008 250317s9999 xx 000 0 eng d
037 _aTextbook
040 _aFMSL
_beng
_cFMSL
041 _aeng
_2eng
084 _qFMSL
100 _aRose David
_9689498
245 0 _aSocial stratification and economic change
260 _aLondon
_bLondon, Hutchinson
_c1988
300 _a303p
942 _cTB
999 _c1263079
_d1263079